Manual of nearctic diptera (Registro nro. 5813)

Detalles MARC
000 -CABECERA
Campo de control 00762nam a2200265 a 4500
005 - FECHA Y HORA DE LA ULTIMA TRANSACCION
Campo de control 20200601130343.0
008 - ELEMENTOS DE LONGITUD FIJA—INFORMACION GENERAL
Campo de control 200601b ||||| |||| 00| 0 spa d
020 ## - ISBN
ISBN 0660107317
040 ## - FUENTE DE CATALOGACIÓN
Agencia catalogadora original CO-BoIAVH
Agencia transcriptora CO-BoIAVH
041 ## - IDIOMA
Código de idioma para texto/pista de sonido o título separado Inglés
090 ## - CLASIFICACIÓN LOCAL
Colección LB
Consecutivo 05056
245 ## - MENCION DE TITULO
Título Manual of nearctic diptera
260 ## - PUBLICACION, DISTRIBUCION, ETC. (PIE DE IMPRENTA)
Lugar de publicación, distribución, etc. Ottawa
Nombre del editor, distribuidor, etc. Minister of Supply and Services Canada
Fecha de publicación, distribución, etc. 1981
300 ## - DESCRIPCION FISICA
Extensión 3 Vols.
650 #0 - ASIENTO SECUNDARIO DE MATERIA - TERMINO TEMATICO
Término temático o nombre geográfico como elemento de entrada Insectos
Subdivisión general Clasificación
650 #0 - ASIENTO SECUNDARIO DE MATERIA - TERMINO TEMATICO
Término temático o nombre geográfico como elemento de entrada Diptera
Subdivisión general Clasificación
700 ## - ASIENTO SECUNDARIO - NOMBRE PERSONAL
Nombre personal McAlpine, J. F.
700 ## - ASIENTO SECUNDARIO - NOMBRE PERSONAL
Nombre personal Peterson, B.V.
700 ## - ASIENTO SECUNDARIO - NOMBRE PERSONAL
Nombre personal Shewell, G. E.
700 ## - ASIENTO SECUNDARIO - NOMBRE PERSONAL
Nombre personal Teskey, H. J.
700 ## - ASIENTO SECUNDARIO - NOMBRE PERSONAL
Nombre personal Vocreroth, J. R.
700 ## - ASIENTO SECUNDARIO - NOMBRE PERSONAL
Nombre personal Wood, D. M.
942 ## - ELEMENTOS ADICIONALES (KOHA)
Tipo de ítem Libro
Koha issues (borrowed), all copies 3
Sistema de clasificación Dewey Decimal Classification
945 ## - PROCESAMIENTO LOCAL
AAAA-MM-DD - Fecha de ingreso o modificacion 2007-09-17
Existencias
Withdrawn status Lost status Sistema de Clasificación Damaged status No para préstamo Colección Ubicación Permanente Ubicación actual Fecha de adquisición Fuente de Valor Total Checkouts Número topográfico Inventario / Código de Barras Date last seen Date checked out Ejemplar Price effective from Tipo de material
    Dewey Decimal Classification     General Villa de Leyva Villa de Leyva 17/09/2007 Ospina, Mónica 1 LB-05056 025203 28/08/2014 23/07/2014 V.1 Ej.1 04/12/2012 Folleto
    Dewey Decimal Classification     General Villa de Leyva Villa de Leyva 17/09/2007 Ospina, Mónica 1 LB-05056 025204 28/08/2014 23/07/2014 V.2 Ej.1 04/12/2012 Folleto
    Dewey Decimal Classification     General Villa de Leyva Villa de Leyva 17/09/2007 Ospina, Mónica 1 LB-05056 025205 28/08/2014 23/07/2014 V.3 Ej.1 04/12/2012 Folleto